3D (Record no. 11373)

MARC details
000 -BAŞLIK
Sabit Uzunlukta Kontrol Alanı 00873na a2200289 4500
001 - KONTROL NUMARASI
Denetim Alanı 21778
003 - KONTROL NUMARASI IDENTIFIER
Denetim Alanı MIRAKIL
005 - SON İŞLEM TARİHİ VE ZAMANI
Denetim Alanı 20181226092843.0
008 - SABİT-BOY VERİ ELEMANLARI - GENEL BİLGİLER
Sabit Uzunlukta Kontrol Alanı 170215b tu n0 0 0
035 ## - SİSTEM KONTROL NUMARASI
Sistem Kontrol Numarası 20919
040 ## - KATALOGLAMA KAYNAK
Orijinal Kataloglama Ajansı Milas
Kataloglama Dili tur
Metne Dönüştürmek Ajansı TR-AnCHP
041 ## - DİL KODU
Metin / Ses Parça Veya Ayrı Başlığın Dil Kodu tur
082 ## - DEWEY ONLU SINIFLANDIRMA NUMARASI
Sınıflandırma Numarası 050
Ürün Numarası 3D 1994-1995
090 ## - SINIFLAMA NUMARASI
Sınıflama Numarası 050 DER 8
222 ## - ANAHTAR ADI
Anahtar Başlık 3D
245 ## - BAŞLIK TABLOSU
Başlık 3D
Başlığın Kalan Demokrasi Değişim Dayanışma
246 ## - UNVAN FORM VARYING
Başlık Doğru / Kısa Başlığı 3D Demokrasi Değişim Dayanışma dergisi
246 ## - UNVAN FORM VARYING
Başlık Doğru / Kısa Başlığı 3D dergisi
260 ## - YAYIN, DAĞITIM, VB
Yayın, Dağıtım, Vb Yeri Ankara
Yayıncı, Dağıtıcı, Vs Adı 3D yayıncılık
Yayın, Dağıtım, Vb Tarihi 1994-1995
300 ## - FİZİKSEL TANIM
Kapsam c.
Diğer Fiziksel Ayrıntıları rnk. res.
Boyutlar 28 sm.
362 ## - YAYIN VE / VEYA SIRALI GÖREVLENDİRİLMESİNE TARİHLERİ
Yayın Ve / Veya Ardışık Kullanım Amacı Tarihleri 1. sayı (Ekim 1994)-
500 ## - GENEL NOT
Genel Not Mevcut sayılar: (1) Ekim 1994; (2) Kasım 1994; (3) Aralık 1994; (5) Şubat 1995
500 ## - GENEL NOT
Genel Not Siyasi dergi
650 ## - KONU KATMA GİRİŞ - TOPİKAL DÖNEM
Topikal Süreli Veya Coğrafi Ad Giriş Elemanı Siyaset ve yönetim
Genel Alt Bölümü Süreli yayınlar
651 ## - KONU KATMA GİRİŞ - COĞRAFİ ADI
Coğrafi İsim Türkiye
Genel Alt Bölümü Siyaset ve yönetim
Kronolojik Alt Bölümü Süreli yayınlar
942 ## - EKLENDİ GİRİŞ ELEMANLARI (KOHA)
Sınıflandırma Veya Raf Düzeni Kaynak Dewey Decimal Classification
Koha Öğesi Türü Serials
999 ## - SİSTEM KONTROL NUMARALARI (KOHA)
Koha Biblionumber 11373
Koha Biblioitemnumber 11373
Holdings
Kullanım Kısıtlamaları Kalıcı Konum Mevcut Konum Edinme Tarihi Kodlu Konum Eleme Toplam Check-Out'Lar Tam Çağrı Numarası Barkod Tarih Son Görülme İtibaren Geçerli Fiyatlar Sigara Kamu Notu Koha Öğesi Türü
Kütüphane dışına çıkarılamaz CHP Kütüphanesi CHP Kütüphanesi 02/07/2017 SÜRELİ YAYINLAR   050 DER 120 D008 02/07/2017 02/07/2017 Serials